000 00299nam a22001337a 4500
008 180302b xxu||||| |||| 00| 0 eng d
020 _a9780131846715
041 _aeng
080 _a37
100 _a25
101 _aEDU
245 _aNORTH STAR READING AND WRITING
_cBETH.M
942 _2udc
_cBK
999 _c44044
_d44044